000 00666nam a2200193 i 4500
001 61626
003 ES-MaACL
005 20250827022715.0
007 t|
008 031113s1941 sp ||||1| spa d
100 1 _aFábregas del Pilar y Díaz de Cevallos, José María.
_948561
245 1 0 _aDerecho administrativo
_b: (oposiciones a notarías-programa 1940) /
_cJosé María Fábregas del Pilar y Díaz de Ceballos.
260 _aMadrid :
_bInstituto Editorial Reus,
_c1941.
300 _a192 p. ;
_c23 cm.
650 0 7 _aDerecho administrativo
_2embne
_911642
852 _aES-MaACL
_jF-15666
852 _aES-MaACL
_jF-15333
999 _c61626
_d61626